| 000 | 00344nam a2200133Ia 4500 | ||
|---|---|---|---|
| 008 | 191201s2010 xx 000 0 und d | ||
| 100 | _aNACHANE,Dilip M | ||
| 245 | 0 | _aEconometrics Theoretical Foundations and Empirical Perspectives | |
| 250 | _aIMP2nd | ||
| 260 |
_aN. Delhi _bOxford _c2010 |
||
| 300 | _a868 | ||
| 650 | _aMBA | ||
| 942 |
_2ddc _cBK |
||
| 999 |
_c4806 _d4806 |
||